| 000 | 005980000a22001810004500 | ||
|---|---|---|---|
| 090 |
_aAR _b01442 |
||
| 245 | 1 | 0 | _aHabitat selection by an insectivorous rodent: patterns and mechanisms across multiple scales |
| 650 | 1 | 4 |
_aRoedores _97408 |
| 650 | 1 | 4 |
_aUso del hábitat _93825 |
| 650 | 1 | 4 |
_aHábitos alimentarios _93824 |
| 650 | 1 | 4 |
_aArtrópodos _92658 |
| 651 | 4 |
_mFort Colins _dColorado _pEstados Unidos _992749 |
|
| 653 |
_gOnychomys _eOnychomys leucogaster |
||
| 041 | 0 | _aInglés | |
| 100 | 1 |
_aStapp, Paul _994760 |
|
| 942 | _cARTICULO | ||
| 773 | 1 |
_tJournal of Mammalogy _3106 _h4 _q1128-1143 _d1997 _g78 |
|
| 999 |
_c10526 _d10526 |
||